1612 1598 1157 1196 1854 1663 1079 1389 1825 1581 1781 1532 1748 1214 1259 1640 1346 1224 1818 1653 1770 1540 1887 1214 1272 1519 1746 1293 1773 1113 1146 1904 1990 1996 1547 1478 1963 1165 1947 1561 1174 1273 1130 1414 1073 1935 1279 1711 1966 1076 1354 1829 1572 1167 1373 1739 1809 1468 1578 1841 1408 1870 1614 1958 1287 1091 1589 1960 1914 1680 1855 1835 1430 1602 1184 1659 1219 1281 1109 1413 1273 1038 1425 1022 1124 1626 1121 1643 1764 1560 1687 1541 1747 1739 1060 1252 1657 1194 1289 BCNSPRNW ULIB Ver.6.0+V

เปลี่ยนเป็นภาษาไทย

Change to English
 แสดงรายละเอียดบรรณานุกรม
  กลับหน้าหลัก

Brief Record : Get Marc (ISO 2709) : E-mail record : QR code < ปิดหน้าต่าง
LEADER : 00000nam 2200000uu 4500
001    13399113227
003     ULIB
008    111003s2549||||th 000 0 tha d
020    9745971936 (ล.2)
050  4 QD31.2^bป422ค ล.2 2549
100 0  ประเสริฐ ศรีไพโรจน์
245 10 เคมีพื้นฐาน 2/^cประเสริฐ ศรีไพโรจน์
260    กรุงเทพฯ :^bภาควิชาเคมี คณะวิทยาศาสตร์ มหาวิทยาลัยศรีนครินทรวิโรฒ,^c2549
300    2 เล่ม :^bภาพประกอบ ;^c27 ซม.
591    LICL มี ล.1 (พิมพ์ครั้งที่ 2), ล.2 (พิมพ์ครั้งที่ 1)
591    LINA มี ล.1 (พิมพ์ครั้งที่ 2), ล.2 (พิมพ์ครั้งทั้ 1)
650  7 เคมี
710 2  มหาวิทยาลัยศรีนครินทรวิโรฒ. ^bคณะวิทยาศาสตร์.^bภาควิชาเคมี
945    ^p250^l0^i021691
945    ^p250^l0^i021692
945    ^p250^l0^i021693
995    ทศพร
999 ^a ทศพร
รายการนี้ยังไม่มีแท็ก
คุณยังไม่ได้ล็อกอิน คุณสามารถมีกิจกรรมร่วมกับเว็บไซต์ได้ แต่ต้องล็อกอินก่อน ::
  ล็อกอิน

รายการสื่อสารสนเทศ

ลำดับที่ ประเภท เลขเรียก/บาร์โค้ด สถานที่ สถานะ
- ไม่พบข้อมูล -

รายการใกล้เคียง
    ผู้แต่ง [ประเสริฐ ศรีไพโรจน์]

    หัวเรื่อง [เคมี]

BibComment


ยังไม่เคยถูกคอมเมนท์

คอมเมนท์ทรัพยากรรายการนี้
  คอมเมนท์: เคมีพื้นฐาน 2 ประ..


 Copyright 2026. Bcnsprnw @Library